RICS awards 2004 (Record no. 117394)
[ view plain ]
| 000 -LEADER | |
|---|---|
| fixed length control field | 01380cam a2200253 4500 |
| 001 - CONTROL NUMBER | |
| control field | WB4020-16 |
| 008 - FIXED-LENGTH DATA ELEMENTS--GENERAL INFORMATION | |
| fixed length control field | 040525n2004 000 0 eng u |
| 035 ## - SYSTEM CONTROL NUMBER | |
| System control number | (Sirsi) u126284 |
| 245 ## - TITLE STATEMENT | |
| Title | RICS awards 2004 |
| 260 ## - PUBLICATION, DISTRIBUTION, ETC. | |
| Date of publication, distribution, etc. | 2004 |
| 490 ## - SERIES STATEMENT | |
| Series statement | RICS Press Release |
| Volume/sequential designation | 21 May 2004 (2) |
| 520 ## - SUMMARY, ETC. | |
| Summary, etc. | The winners of the 2004 RICS awards have been announced. The awards recognise excellence in built environment projects and a commitment to value for money and sustainability. The 2004 awards attracted over 160 entries from across the globe. The 2004 Building of the Year was won by Douglas House, a young people's hospice in Oxford, which provides residential care for patients with life-limiting illnesses. Awards were also made in the categories, building conservation, community benefit, regeneration and sustainability. Full details of the winners and background to the awards are available at http://www.rics.org/about_us/awards/winners_2004.h tml. http://www.rics.org/ricscms/bin/show?class=PressRe lease&template=/includes/showpr.html&id=1181&facul ty=RICS |
| 590 ## - LOCAL NOTE (RLIN) | |
| Local note | WB |
| 590 ## - LOCAL NOTE (RLIN) | |
| Local note | WB |
| 650 ## - SUBJECT ADDED ENTRY--TOPICAL TERM | |
| Topical term or geographic name entry element | ABOUT RICS-AWARDS |
| 650 ## - SUBJECT ADDED ENTRY--TOPICAL TERM | |
| Topical term or geographic name entry element | RICS BUILDING OF THE YEAR |
| 650 ## - SUBJECT ADDED ENTRY--TOPICAL TERM | |
| Topical term or geographic name entry element | BUILT ENVIRONMENT |
| 650 ## - SUBJECT ADDED ENTRY--TOPICAL TERM | |
| Topical term or geographic name entry element | COMMUNITY BENEFIT |
| 650 ## - SUBJECT ADDED ENTRY--TOPICAL TERM | |
| Topical term or geographic name entry element | BUILDING CONSERVATION |
| 650 ## - SUBJECT ADDED ENTRY--TOPICAL TERM | |
| Topical term or geographic name entry element | REGENERATION |
| 650 ## - SUBJECT ADDED ENTRY--TOPICAL TERM | |
| Topical term or geographic name entry element | Sustainability |
| 9 (RLIN) | 6271 |
| 690 ## - LOCAL SUBJECT ADDED ENTRY--TOPICAL TERM (OCLC, RLIN) | |
| Topical term or geographic name as entry element | RICS NEWS |
| 942 ## - ADDED ENTRY ELEMENTS (KOHA) | |
| Suppress in OPAC | 0 |
| Withdrawn status | Lost status | Source of classification or shelving scheme | Damaged status | Not for loan | Home library | Current library | Shelving location | Date acquired | Total Checkouts | Full call number | Barcode | Date last seen | Copy number | Price effective from | Koha item type |
|---|---|---|---|---|---|---|---|---|---|---|---|---|---|---|---|
| Dewey Decimal Classification | London | London | News article | 25/05/2004 | WB4020-16 | 126284-1001 | 06/08/2019 | 1 | 06/08/2019 | News article |